000 00276nam a2200097Ia 4500
005 20251222152026.0
008 251222s9999||||xx |||||||||||||| ||spa||
082 _a630.1P/I59
245 0 _aIII Censo Nacional Agropecuario: Perfil Agropecuario: Departamento de Pasco
942 _cLIB
999 _c25468
_d25468